000 01380cam a2200289 i 4500
003 SA-RiAUC
005 20251005125017.0
008 251004s2003 ir g b 000 0 ara c
020 _a9646121950
040 _aKW-ShULA
_bara
_cSA-RiAUC
_erda
082 0 4 _a247
090 _a247
_bم ر ع
100 1 _aالمرعشي، محمد حسين بن محمود،
_d1897-1990
_eمؤلف.
245 1 2 _aالقول الفاصل في الرد على مدعي التحريف /
_cشهاب الدين الحسيني المرعشي النجفي ؛ تحقيق محمد رضا جديدي نزاد ؛ اهتمام محمود المرعشي النجفي.
250 _aالطبعة الأولى.
264 1 _aقم، إيران :
_bمكتبة آية الله العظمى المرعشي النجفي الكبرى :
_bالخزانة العالمية للمخطوطات الإسلامية،
_c2003
300 _a72 صفحة ؛
_c21 سم
336 _aنص
_btxt
_2rdacontent
_3كتاب
337 _aبدون وسيط
_bn
_2rdamedia
338 _aمجلد
_bnc
_2rdacarrier
504 _aبيبليوجرافية : صفحة 65-72.
650 7 _aالشيعة (فرقة إسلامية)
_2aucsh
700 1 _aنزار، محمد رضا جديدي
_eمحقق.
700 1 _aالمرعشي، محمود،
_d1941-
_eمشرف.
942 _2ddc
_cBOOK
_n0
949 _aSA-JeALM
_d251004
_umohamedma123
_n1
999 _c12396
_d12396